Вып. 1(40): Получение и анализ чистых веществ: межвузовский сборник; Труды по химии и химической технологии

Bibliographische Detailangaben
Parent link:Труды по химии и химической технологии: [сборник научных трудов]/ Горьковский государственный университет им. Н. И. Лобачевского (ГГУ), Научно-исследовательский институт химии. Вып. 1(40): Получение и анализ чистых веществ.— , 1958-
Weitere Verfasser: Александров Ю. А. (редактор)
Sprache:Russisch
Veröffentlicht: 1975
Schlagworte:
Format: Buch
KOHA link:https://koha.lib.tpu.ru/cgi-bin/koha/opac-detail.pl?biblionumber=247478

MARC

LEADER 00000nam2a2200000 4500
001 247478
005 20241014134528.0
035 |a (RuTPU)RU\TPU\book\268963 
035 |a RU\TPU\book\268919 
090 |a 247478 
100 |a 20131226d1975 k y0rusy50 ca 
101 0 |a rus 
102 |a RU 
105 |a a z 001zy 
181 0 |a i   |b  e  
182 0 |a n 
183 0 |a nc  |2 RDAcarrier 
200 0 |a Вып. 1(40): Получение и анализ чистых веществ  |e межвузовский сборник  |f отв. ред. Ю. А. Александров 
210 |d 1975 
215 |a 119 с.  |c ил. 
320 |a Библиогр. в конце ст. 
461 1 |0 (RuTPU)RU\TPU\book\173187  |t Труды по химии и химической технологии  |o [сборник научных трудов]  |f Горьковский государственный университет им. Н. И. Лобачевского (ГГУ), Научно-исследовательский институт химии  |v Вып. 1(40): Получение и анализ чистых веществ  |d 1958-  
606 1 |a Химия  |2 stltpush  |3 (RuTPU)RU\TPU\subj\17362  |9 43035 
606 1 |a Химическая технология  |x Общие вопросы  |2 stltpush  |3 (RuTPU)RU\TPU\subj\68259  |9 83693 
606 1 |a Химические вещества,чистые  |x Получение  |2 stltpush  |3 (RuTPU)RU\TPU\subj\31868  |9 54608 
610 1 |a ректификация 
610 1 |a чистые вещества 
610 1 |a очистка 
610 1 |a вакуумная дистилляция 
610 1 |a противоточная кристаллизация 
610 1 |a адсорбция 
610 1 |a препаративная хроматография 
610 1 |a тонкие пленки 
610 1 |a нейтронная активация 
610 1 |a масс-спектральные методы 
610 1 |a спектроскопические методы 
610 1 |a газохроматографический метод 
675 |a 54  |v 3 
675 |a 66  |v 3 
675 |a 661:54-482  |v 3 
702 1 |a Александров  |b Ю. А.  |4 340 
801 1 |a RU  |b 63413507  |c 20131225 
801 2 |a RU  |b 63413507  |c 20170512  |g RCR 
942 |c BK